Felsőoktatás-politika Európában

Bibliográfiai részletek
Szerző: Szabó Anita
További közreműködők: Ferkelt Dr. Balázs
Dokumentumtípus: Diplomadolgozat
Kulcsszavak:Felsőoktatás
Európa 2020 stratégia
Európai Unió
Finanszírozás
Online Access:http://dolgozattar.uni-bge.hu/2328

MARC

LEADER 00000nta a2200000 i 4500
001 dolg2328
005 20160412090852.0
008 160412suuuu hu om 000 hun d
040 |a BGE Dolgozattár Repozitórium  |b hun 
041 |a hu 
100 1 |a Szabó Anita 
245 1 0 |a Felsőoktatás-politika Európában  |c Szabó Anita  |h [elektronikus dokumentum] 
246 1 1 |a Felsőoktatás-politika Európában 
695 |a Felsőoktatás 
695 |a Európa 2020 stratégia 
695 |a Európai Unió 
695 |a Finanszírozás 
700 1 |a Ferkelt Dr. Balázs  |e ths 
856 4 0 |u http://dolgozattar.uni-bge.hu/2328/1/SZAB%C3%93%20ANITA-SZAKDOLGOZAT.pdf  |z Dokumentum-elérés